Biodegradovateľné vláknotvorné zmesi na báze polymérov z obnoviteľných zdrojov surovín

Saved in:
Bibliographic Details
Main Author: Straková, Mária (Author)
Other Authors: Alexy, Pavel (Thesis advisor)
Format: Manuscript Book
Language:Slovak
Published: 2025
Subjects:
Online Access:http://is.stuba.sk/zp/portal_zp.pl?podrobnosti=183381
Tags: Add Tag
No Tags, Be the first to tag this record!

MARC

LEADER 00000ntm a22000003a 4500
001 stuzp105007
003 SK-STU
005 20250607211025.9
007 ta
008 150427s2015----xo-----f-mn---000-0-slo-d
040 |a STU  |b slo 
041 0 |a slo 
100 1 |a Straková, Mária  |u 049370  |4 aut  |U FCHPT Ústav prírodných a syntetických polymérov  |T FCHPT Oddelenie plastov, kaučuku a vlákien  |X 110570  |U C9370  |Y 128  |7 110570 
242 0 1 |a Biodegradable blends based on bio-based polymers for fiber spinning  |y eng 
245 1 0 |a Biodegradovateľné vláknotvorné zmesi na báze polymérov z obnoviteľných zdrojov surovín 
260 |c 2025 
650 4 |a PHB content  |2 eng 
650 4 |a PLA/PHB blends  |2 eng 
650 4 |a polyhydroxybutyrate  |2 eng 
650 4 |a polylactic acid  |2 eng 
650 4 |a amorphous PLA  |2 eng 
650 4 |a semicrystalline PLA  |2 eng 
650 4 |a fiber spinning  |2 eng 
650 4 |a kyselina polymliečna  |2 slo 
650 4 |a semikryštalická PLA  |2 slo 
650 4 |a polyhydroxybutyrát  |2 slo 
650 4 |a amorfná PLA  |2 slo 
650 4 |a obsah PHB  |2 slo 
650 4 |a zvákňovanie  |2 slo 
650 4 |a zmesi PLA/PHB  |2 slo 
700 1 |a Alexy, Pavel  |u 049370  |k Z1  |4 ths  |U FCHPT Ústav prírodných a syntetických polymérov  |T FCHPT Oddelenie plastov, kaučuku a vlákien  |X 3899  |U C9370  |Y 128  |7 A000003899 
856 4 |u http://is.stuba.sk/zp/portal_zp.pl?podrobnosti=183381